000 nam a22 7a 4500
999 _c342264
_d342264
003 NUST
005 20171215093547.0
008 171215b xxu||||| |||| 00| 0 eng d
020 _a8176488070
040 _c0
082 _a660.6 GHO
245 _aBiotechnology in Environmental Management vol, 1-2
_cEditor by Dr.T.K.Ghosh
260 _aNew Delhi
_bA.P.H Publishing
_c2005.
300 _a388p.
500 _aH.B
942 _2ddc
_cBK
_kIESE